Variétés litteraires, ou, Recueil de pieces tant originales que traduites, concernant la philosophie, la litterature et les arts.

Detalles Bibliográficos
Formato: Libro
Lenguaje:Undetermined
French
Publicado: a Paris : chez le Jay, 1770.
Materias:
Colección:Banco de datos
Acervo:Biblioteca Palafoxiana. Colección bibliográfica
Descripción Física:t. ; 8°
Tema general:Literatura universal
Notas:Sello en tinta: Biblioteca Pública Palafoxiana. Número de localización: t.1 (R677)
LEADER 00610nam a2200157Ia 4500
008 150723s9999 xx 000 0 und d
041 0 |a fre 
050 0 |a PAFX PN6013 V3 
245 1 0 |a Variétés litteraires, ou, Recueil de pieces tant originales que traduites, concernant la philosophie, la litterature et les arts. 
260 |a a Paris : chez le Jay, 1770. 
300 |a t. ; 8° 
500 |a Sello en tinta: Biblioteca Pública Palafoxiana. Número de localización: t.1 (R677) 
650 1 0 |a Literatura universal 
942 |c PALALIB 
943 |g Biblioteca Palafoxiana. Colección bibliográfica 
999 |c 1065728  |d 1065728